European Championship Final Goalscorers 1960-2024 - Statistics

General Stats
  • This quiz has been taken 50 times
    45 since last reset
  • The average score is 15 of 44
Answer Stats
Tournament Nation Score Player % Correct
2024 Germany England 1-1 Cole Palmer
81%
2016 France Portugal 1-1 Eder
75%
2008 Austria & Switzerland Spain 1-0 Fernando Torres
72%
2012 Poland & Ukraine Spain 3-0 Fernando Torres
72%
1984 France France 1-0 Michel Platini
66%
2000 Belgium & Netherlands France 2-1 David Trezeguet
63%
1976 Yugoslavia West Germany 2-1 Dieter Muller
63%
1972 Belgium West Germany 1-0 Gerd Muller
63%
1972 Belgium West Germany 3-0 Gerd Muller
63%
2020 Multiple Hosts Italy 1-1 Leonardo Bonucci
63%
1988 West Germany Netherlands 2-0 Marco van Basten
63%
2020 Multiple Hosts England 1-0 Luke Shaw
59%
1988 West Germany Netherlands 1-0 Ruud Gullit
53%
1996 England Germany 1-1 Oliver Bierhoff
50%
1996 England Germany 2-1 Oliver Bierhoff
50%
2000 Belgium & Netherlands France 1-1 Sylvain Wiltord
50%
2012 Poland & Ukraine Spain 2-0 Jordi Alba
47%
2012 Poland & Ukraine Spain 4-0 Juan Mata
47%
2004 Portugal Greece 1-0 Angelos Charisteas
44%
2012 Poland & Ukraine Spain 1-0 David Silva
44%
1992 Sweden Denmark 1-0 John Jensen
25%
1968 Italy (Replay) Italy 1-0 Luigi Riva
25%
2000 Belgium & Netherlands Italy 1-0 Marco Delvecchio
25%
1996 England Czech Republic 1-0 Patrik Berger
25%
1992 Sweden Denmark 2-0 Kim Vilfort
19%
1976 Yugoslavia West Germany 2-2 Bernd Holzenbein
16%
1980 Italy West Germany 1-0 Horst Hrubesch
16%
1980 Italy West Germany 2-1 Horst Hrubesch
16%
1984 France France 2-0 Bruno Bellone
13%
1968 Italy Yugoslavia 1-0 Dragan Dzajic
13%
1972 Belgium West Germany 2-0 Herbert Wimmer
9%
1976 Yugoslavia Czechoslovakia 2-0 Karol Dobias
9%
1960 France Yugoslavia 1-0 Milan Galic
9%
1980 Italy Belgium 1-1 Rene Vandereycken
9%
1964 Spain Soviet Union 1-1 Galimzyan Khusainov
6%
1976 Yugoslavia Czechoslovakia 1-0 Jan Svehlik
6%
2024 Germany Spain 2-1 Mikel Oryazabal
6%
2024 Germany Spain 1-0 Neco Williams
6%
1968 Italy (Replay) Italy 2-0 Pietro Anastasi
6%
1960 France Soviet Union 1-1 Slava Metreveli
6%
1960 France Soviet Union 2-1 Viktor Ponedelnik
6%
1968 Italy Italy 1-1 Angelo Domenghini
3%
1964 Spain Spain 1-0 Jesus Pereda
3%
1964 Spain Spain 2-1 Marcelino
3%
No matching quizzes found
Score Distribution
Percent of People with Each Score
Percentile by Number Answered
Your Score History
You have not taken this quiz since the last reset